[Event "Winnipeg TNT Febr op"]
[Site "Winnipeg CAN"]
[Date "2005.02.15"]
[Round "3"]
[White "Herkert, Dean"]
[Black "Prince, Colin"]
[Result "0-1"]
[WhiteElo "1772"]
[BlackElo "1755"]
[PlyCount "70"]
[GameId "2160767911031391"]
[EventDate "2005.02.01"]
[EventType "swiss"]
[EventRounds "4"]
[EventCountry "CAN"]
[SourceTitle "EXT 2006"]
[Source "ChessBase"]
[SourceDate "2005.11.24"]
[SourceVersion "1"]
[SourceVersionDate "2005.11.24"]
[SourceQuality "1"]

1. f4 g6 2. e4 c5 3. Nf3 Bg7 4. Bc4 e6 5. O-O Nc6 6. Nc3 Nge7 7. h4 d5 8. exd5 exd5 9. Bb5 Bg4 10. Bxc6+ bxc6 11. Qe1 Bxf3 12. Rxf3 O-O 13. g4 Re8 14. Qg3 f5 15. g5 Nc8 16. d3 d4 17. Na4 Qa5 18. b3 Nb6 19. Nxb6 axb6 20. Bb2 Re2 21. Rf2 Rae8 22. Qg2 Qd2 23. Raf1 Qxc2 24. Qxc6 Qxd3 25. Rxe2 Rxe2 26. Rf2 Qg3+ 27. Qg2 Qxg2+ 28. Kxg2 Rxf2+ 29. Kxf2 Kf7 30. a4 Ke6 31. Bc1 Kd5 32. Kf3 c4 33. b4 d3 34. a5 bxa5 35. bxa5 Bd4 0-1

[Event "Winnipeg TNT Febr op"]
[Site "Winnipeg CAN"]
[Date "2005.02.15"]
[Round "3"]
[White "Lindsay, Richard Vicent"]
[Black "Essery, Richard"]
[Result "1-0"]
[WhiteElo "1732"]
[BlackElo "1760"]
[PlyCount "65"]
[GameId "2160767911031393"]
[EventDate "2005.02.01"]
[EventType "swiss"]
[EventRounds "4"]
[EventCountry "CAN"]
[SourceTitle "EXT 2006"]
[Source "ChessBase"]
[SourceDate "2005.11.24"]
[SourceVersion "1"]
[SourceVersionDate "2005.11.24"]
[SourceQuality "1"]

1. Nf3 b6 2. g3 Bb7 3. Bg2 e5 4. O-O d6 5. d3 Nf6 6. c4 Be7 7. Nc3 O-O 8. Bg5 Nbd7 9. d4 exd4 10. Qxd4 h6 11. Bf4 Re8 12. Rfe1 Nh5 13. Nd5 Bxd5 14. cxd5 Bf6 15. Qd2 Nxf4 16. gxf4 Nc5 17. Nd4 Bxd4 18. Qxd4 f5 19. f3 Qe7 20. b4 Nd7 21. Rac1 Nf6 22. e4 fxe4 23. fxe4 Qd7 24. e5 dxe5 25. fxe5 Nh7 26. d6 Rad8 27. Bc6 Qf5 28. Bxe8 cxd6 29. exd6 Ng5 30. Rc3 Ne6 31. Qe5 Qxe5 32. Rxe5 Rxe8 33. d7 1-0

[Event "Winnipeg TNT Febr op"]
[Site "Winnipeg CAN"]
[Date "2005.02.15"]
[Round "3"]
[White "Reimer, Bruce"]
[Black "Cheyne, Andrew"]
[Result "1-0"]
[WhiteElo "1357"]
[BlackElo "1343"]
[PlyCount "47"]
[GameId "2160767911031394"]
[EventDate "2005.02.01"]
[EventType "swiss"]
[EventRounds "4"]
[EventCountry "CAN"]
[SourceTitle "EXT 2006"]
[Source "ChessBase"]
[SourceDate "2005.11.24"]
[SourceVersion "1"]
[SourceVersionDate "2005.11.24"]
[SourceQuality "1"]

1. c4 e5 2. g3 Nf6 3. Bg2 Bc5 4. Nc3 d6 5. e3 Nc6 6. Nge2 Be6 7. b3 Rb8 8. O-O O-O 9. d4 exd4 10. exd4 Bb6 11. d5 Bg4 12. dxc6 Re8 13. Qc2 Ba5 14. Nd4 Bb6 15. Be3 Qc8 16. cxb7 Qd7 17. Bc6 Qe7 18. Bxe8 Qxe8 19. Rfe1 Bxd4 20. Bxd4 Qc6 21. Ne4 Bh3 22. Nxf6+ gxf6 23. Qe4 Qd7 24. Bxa7 1-0

[Event "Winnipeg TNT Febr op"]
[Site "Winnipeg CAN"]
[Date "2005.02.15"]
[Round "3"]
[White "Rumpel, Chris"]
[Black "Anderson, George"]
[Result "0-1"]
[WhiteElo "1416"]
[BlackElo "1394"]
[PlyCount "73"]
[GameId "2160767911031395"]
[EventDate "2005.02.01"]
[EventType "swiss"]
[EventRounds "4"]
[EventCountry "CAN"]
[SourceTitle "EXT 2006"]
[Source "ChessBase"]
[SourceDate "2005.11.24"]
[SourceVersion "1"]
[SourceVersionDate "2005.11.24"]
[SourceQuality "1"]

1. e4 e6 2. d4 d5 3. e5 Bd7 4. Nf3 c5 5. c3 Nc6 6. Bd3 Qb6 7. O-O Nge7 8. dxc5 Qxc5 9. Be3 Qa5 10. b4 Qc7 11. Bd4 Ng6 12. Qe1 Be7 13. a3 O-O 14. Nbd2 Nf4 15. Bc2 Nxd4 16. Nxd4 Qxc3 17. N2f3 Rac8 18. Qd1 f6 19. g3 Nh3+ 20. Kg2 Ng5 21. Nxg5 fxg5 22. Rc1 Qxa3 23. f4 gxf4 24. gxf4 Qxb4 25. Kh1 Rc4 26. Qh5 Rxc2 27. Nxc2 Qe4+ 28. Rf3 Bc6 29. Qg4 Rf5 30. Rg1 g6 31. Ne3 Qxf3+ 32. Qxf3 d4 33. Qxc6 bxc6 34. Nxf5 exf5 35. Kg2 Bb4 36. Kf3 d3 37. Ke3 0-1

[Event "Winnipeg TNT Febr op"]
[Site "Winnipeg CAN"]
[Date "2005.02.15"]
[Round "3"]
[White "Schulz, Waldemar"]
[Black "Gentes, Kevin"]
[Result "0-1"]
[WhiteElo "2041"]
[BlackElo "2327"]
[PlyCount "53"]
[GameId "2160767911031396"]
[EventDate "2005.02.01"]
[EventType "swiss"]
[EventRounds "4"]
[EventCountry "CAN"]
[SourceTitle "EXT 2006"]
[Source "ChessBase"]
[SourceDate "2005.11.24"]
[SourceVersion "1"]
[SourceVersionDate "2005.11.24"]
[SourceQuality "1"]

1. Nf3 g6 2. g3 Bg7 3. Bg2 d6 4. c4 Nf6 5. Nc3 O-O 6. O-O e5 7. d4 Nbd7 8. b3 c6 9. Bb2 Re8 10. dxe5 dxe5 11. e4 Qc7 12. Qe2 Nc5 13. Rfd1 Bg4 14. h3 Bxf3 15. Qxf3 Ne6 16. Ne2 Rad8 17. Qe3 Bf8 18. a3 a5 19. Qc3 Nd7 20. b4 axb4 21. axb4 c5 22. bxc5 Bxc5 23. Qa5 Nb6 24. Rxd8 Rxd8 25. Rc1 Ra8 26. Qb5 Ra4 27. Qb3 0-1

[Event "Winnipeg TNT Febr op"]
[Site "Winnipeg CAN"]
[Date "2005.02.15"]
[Round "3"]
[White "Wasney, Mark"]
[Black "Van Wyk, Joseph"]
[Result "0-1"]
[WhiteElo "1680"]
[BlackElo "1888"]
[PlyCount "120"]
[GameId "2160767911031397"]
[EventDate "2005.02.01"]
[EventType "swiss"]
[EventRounds "4"]
[EventCountry "CAN"]
[SourceTitle "EXT 2006"]
[Source "ChessBase"]
[SourceDate "2005.11.24"]
[SourceVersion "1"]
[SourceVersionDate "2005.11.24"]
[SourceQuality "1"]

1. d4 d5 2. c4 e6 3. Nc3 c5 4. Nf3 Nc6 5. e3 Nf6 6. Bd3 Be7 7. O-O O-O 8. a3 b6 9. b3 dxc4 10. Bxc4 cxd4 11. exd4 Bb7 12. Bb2 Na5 13. Be2 Rc8 14. Ne5 Ne4 15. Nxe4 Bxe4 16. Bd3 Bxd3 17. Qxd3 Qd5 18. b4 Nc4 19. Nxc4 Rxc4 20. Rac1 Rfc8 21. Rxc4 Rxc4 22. Rd1 Bf6 23. h3 g6 24. Qd2 Qe4 25. Re1 Qc2 26. Re2 Qxd2 27. Rxd2 Bg5 28. Re2 Bc1 29. Bxc1 Rxc1+ 30. Kh2 Rd1 31. Rc2 Rxd4 32. Rc7 a5 33. b5 Ra4 34. Rc6 Rxa3 35. Rxb6 Rb3 36. Rb8+ Kg7 37. b6 a4 38. b7 Kf6 39. Ra8 Rxb7 40. Rxa4 Rb2 41. Kg3 Rb3+ 42. Kh2 Rd3 43. Kg1 Rd1+ 44. Kh2 h5 45. Ra3 e5 46. Kg3 Ke6 47. Ra6+ Rd6 48. Ra7 f5 49. Kh4 Kf6 50. Ra3 e4 51. Ra8 f4 52. Ra4 Ke5 53. Kg5 e3 54. fxe3 fxe3 55. Ra1 Ke4 56. Re1 Re6 57. g4 hxg4 58. Kxg4 Kd3 59. Ra1 e2 60. Ra3+ Kc2 0-1

[Event "Winnipeg TNT Febr op"]
[Site "Winnipeg CAN"]
[Date "2005.02.22"]
[Round "4"]
[White "Anderson, George"]
[Black "Wasney, Mark"]
[Result "0-1"]
[WhiteElo "1394"]
[BlackElo "1680"]
[PlyCount "86"]
[GameId "2160767911031398"]
[EventDate "2005.02.01"]
[EventType "swiss"]
[EventRounds "4"]
[EventCountry "CAN"]
[SourceTitle "EXT 2006"]
[Source "ChessBase"]
[SourceDate "2005.11.24"]
[SourceVersion "1"]
[SourceVersionDate "2005.11.24"]
[SourceQuality "1"]

1. e4 g6 2. Bc4 Bg7 3. Nf3 d6 4. a3 Nf6 5. d3 O-O 6. Be3 Ng4 7. Bd4 Nf6 8. h3 a6 9. Nbd2 b5 10. Bd5 c6 11. Bb3 Bb7 12. O-O e5 13. Be3 Nbd7 14. Qe1 d5 15. Bg5 Qc7 16. c3 Rfe8 17. Qe3 Qd6 18. Nh4 c5 19. Qg3 h6 20. Bxf6 Nxf6 21. Rfe1 dxe4 22. Nxe4 Nxe4 23. dxe4 c4 24. Rad1 Qe7 25. Bc2 Rad8 26. Nf3 Bc6 27. h4 Qb7 28. Rxd8 Rxd8 29. Nxe5 Bxe4 30. Rd1 Rxd1+ 31. Bxd1 Qd5 32. Bf3 Bxe5 33. Qg4 Bxf3 34. gxf3 Qe6 35. Qe4 Kg7 36. Kf1 Bf6 37. Qf4 Qh3+ 38. Ke2 Bxh4 39. Qd4+ Bf6 40. Qb6 Qe6+ 41. Qe3 Qxe3+ 42. fxe3 h5 43. Kf2 Bh4+ 0-1

[Event "Winnipeg TNT Febr op"]
[Site "Winnipeg CAN"]
[Date "2005.02.22"]
[Round "4"]
[White "Gentes, Kevin"]
[Black "Tang, Edward"]
[Result "1-0"]
[WhiteElo "2327"]
[BlackElo "2010"]
[PlyCount "31"]
[GameId "2160767911031399"]
[EventDate "2005.02.01"]
[EventType "swiss"]
[EventRounds "4"]
[EventCountry "CAN"]
[SourceTitle "EXT 2006"]
[Source "ChessBase"]
[SourceDate "2005.11.24"]
[SourceVersion "1"]
[SourceVersionDate "2005.11.24"]
[SourceQuality "1"]

1. c4 g6 2. Nc3 Bg7 3. g3 e5 4. Bg2 d6 5. e3 Nc6 6. Nge2 f5 7. d3 Nf6 8. Rb1 O-O 9. O-O g5 10. f4 gxf4 11. exf4 h5 12. Nd5 Ng4 13. h3 Nh6 14. Nec3 Be6 15. Qxh5 Kh7 16. fxe5 1-0

[Event "Winnipeg TNT Febr op"]
[Site "Winnipeg CAN"]
[Date "2005.02.22"]
[Round "4"]
[White "Gibson, Fred"]
[Black "Cheyne, Andrew"]
[Result "1-0"]
[WhiteElo "1183"]
[BlackElo "1343"]
[PlyCount "57"]
[GameId "2160767911031400"]
[EventDate "2005.02.01"]
[EventType "swiss"]
[EventRounds "4"]
[EventCountry "CAN"]
[SourceTitle "EXT 2006"]
[Source "ChessBase"]
[SourceDate "2005.11.24"]
[SourceVersion "1"]
[SourceVersionDate "2005.11.24"]
[SourceQuality "1"]

1. d4 Nf6 2. c4 g6 3. Nc3 Bg7 4. e4 d6 5. Be2 O-O 6. Nf3 Nbd7 7. Be3 b6 8. Qd2 c5 9. d5 Re8 10. Bh6 e6 11. Bxg7 Kxg7 12. h4 exd5 13. exd5 Ne5 14. O-O-O a5 15. h5 Nxh5 16. Nxe5 Rxe5 17. g4 Nf6 18. Qh6+ Kg8 19. g5 Nh5 20. f4 Nxf4 21. Qxh7+ Kf8 22. Qh8+ Ke7 23. Qf6+ Kd7 24. Bg4+ Kc7 25. Nb5+ Kb7 26. Qxd8 Bxg4 27. Qc7+ Ka6 28. Nxd6 Ra7 29. Qc8+ 1-0

[Event "Winnipeg TNT Febr op"]
[Site "Winnipeg CAN"]
[Date "2005.02.22"]
[Round "4"]
[White "Herkert, Dean"]
[Black "Essery, Richard"]
[Result "1-0"]
[WhiteElo "1772"]
[BlackElo "1760"]
[PlyCount "45"]
[GameId "2160767911031401"]
[EventDate "2005.02.01"]
[EventType "swiss"]
[EventRounds "4"]
[EventCountry "CAN"]
[SourceTitle "EXT 2006"]
[Source "ChessBase"]
[SourceDate "2005.11.24"]
[SourceVersion "1"]
[SourceVersionDate "2005.11.24"]
[SourceQuality "1"]

1. f4 b6 2. e4 Bb7 3. Nc3 e6 4. Nf3 Bb4 5. d3 d5 6. Bd2 dxe4 7. Nxe4 Bxd2+ 8. Qxd2 Nf6 9. Qc3 Nbd7 10. Be2 O-O 11. O-O-O Bxe4 12. dxe4 Nxe4 13. Qc6 Nd6 14. Ne5 Nxe5 15. fxe5 Qg5+ 16. Rd2 Qxe5 17. Qxc7 Rfd8 18. Ba6 Qc5 19. Qxc5 bxc5 20. Rhd1 Kf8 21. Rxd6 Rdb8 22. Bd3 g6 23. Be4 1-0

[Event "Winnipeg TNT Febr op"]
[Site "Winnipeg CAN"]
[Date "2005.02.22"]
[Round "4"]
[White "Lauritson, Jim"]
[Black "Van Wyk, Joseph"]
[Result "1-0"]
[WhiteElo "1908"]
[BlackElo "1888"]
[PlyCount "33"]
[GameId "2160767911031402"]
[EventDate "2005.02.01"]
[EventType "swiss"]
[EventRounds "4"]
[EventCountry "CAN"]
[SourceTitle "EXT 2006"]
[Source "ChessBase"]
[SourceDate "2005.11.24"]
[SourceVersion "1"]
[SourceVersionDate "2005.11.24"]
[SourceQuality "1"]

1. e4 e5 2. Nf3 Nc6 3. Bb5 a6 4. Ba4 Nf6 5. Qe2 b5 6. Bb3 Be7 7. c3 d6 8. h3 Na5 9. Bc2 c5 10. d4 Nc6 11. d5 Nb8 12. a4 Qa5 13. Nbd2 c4 14. Ra3 Nbd7 15. axb5 Qxb5 16. Nxc4 Nc5 17. Nxd6+ 1-0

[Event "Winnipeg TNT Febr op"]
[Site "Winnipeg CAN"]
[Date "2005.02.22"]
[Round "4"]
[White "Lindsay, Richard Vicent"]
[Black "Schulz, Manfred"]
[Result "0-1"]
[WhiteElo "1732"]
[BlackElo "1938"]
[PlyCount "126"]
[GameId "2160767911031403"]
[EventDate "2005.02.01"]
[EventType "swiss"]
[EventRounds "4"]
[EventCountry "CAN"]
[SourceTitle "EXT 2006"]
[Source "ChessBase"]
[SourceDate "2005.11.24"]
[SourceVersion "1"]
[SourceVersionDate "2005.11.24"]
[SourceQuality "1"]

1. Nf3 d5 2. c4 c6 3. g3 Nf6 4. Bg2 e6 5. b3 Nbd7 6. Bb2 Be7 7. O-O O-O 8. d3 Qc7 9. cxd5 exd5 10. Nbd2 Re8 11. Rc1 Nb6 12. e4 dxe4 13. dxe4 Bg4 14. Qc2 Rad8 15. Ne5 Bh5 16. f4 Nbd7 17. Ndf3 Nxe5 18. Nxe5 Ng4 19. Nxg4 Bxg4 20. f5 Bg5 21. Qc3 Bf6 22. Qc2 Bxb2 23. Qxb2 Rd3 24. Qf2 f6 25. h3 Bh5 26. g4 Bf7 27. Rfd1 Red8 28. Rxd3 Rxd3 29. Qe2 Qd6 30. Rc2 Rd1+ 31. Kf2 Qf4+ 32. Qf3 Rd2+ 33. Rxd2 Qxd2+ 34. Qe2 Qxe2+ 35. Kxe2 Kf8 36. Kd3 Ke7 37. h4 Kd6 38. g5 Ke5 39. gxf6 gxf6 40. Ke3 c5 41. Bf1 a6 42. Bd3 b5 43. Bc2 a5 44. a3 c4 45. bxc4 Bxc4 46. Kd2 Kd4 47. Bb1 b4 48. axb4 axb4 49. Kc1 Kc3 50. e5 fxe5 51. f6 Bf7 52. Bxh7 Kd4 53. Kb2 e4 54. Kc1 Ke5 55. Kb2 e3 56. Bd3 Kxf6 57. Be2 Kf5 58. h5 Kg5 59. Bf3 Bxh5 60. Bd5 Kf4 61. Kb3 Bf7 62. Bxf7 e2 63. Kxb4 e1=Q+ 0-1

[Event "Winnipeg TNT Febr op"]
[Site "Winnipeg CAN"]
[Date "2005.02.22"]
[Round "4"]
[White "Prince, Colin"]
[Black "Cleto, Sam"]
[Result "1-0"]
[WhiteElo "1755"]
[BlackElo "1812"]
[PlyCount "63"]
[GameId "2160767911031404"]
[EventDate "2005.02.01"]
[EventType "swiss"]
[EventRounds "4"]
[EventCountry "CAN"]
[SourceTitle "EXT 2006"]
[Source "ChessBase"]
[SourceDate "2005.11.24"]
[SourceVersion "1"]
[SourceVersionDate "2005.11.24"]
[SourceQuality "1"]

1. e4 c6 2. d4 e6 3. c4 d5 4. Nc3 Bb4 5. e5 Ne7 6. f4 O-O 7. Nf3 h6 8. Bd3 Na6 9. O-O Ba5 10. a3 Qe8 11. Qe1 Bd8 12. Qg3 Kh8 13. Nd1 dxc4 14. Bxc4 b5 15. Bd3 Nc7 16. Nf2 a5 17. Ng4 Ned5 18. Qh3 f5 19. exf6 Nxf6 20. Nxh6 gxh6 21. Qxh6+ Kg8 22. Bg6 Qd7 23. Bd2 Bb7 24. Bc3 Ncd5 25. Ng5 b4 26. Be1 Bb6 27. f5 Bxd4+ 28. Bf2 Bxf2+ 29. Rxf2 exf5 30. Bxf5 Qg7 31. Be6+ Rf7 32. Bxf7+ 1-0

[Event "Winnipeg TNT Febr op"]
[Site "Winnipeg CAN"]
[Date "2005.02.22"]
[Round "4"]
[White "Proulx, Roy"]
[Black "Schulz, Waldemar"]
[Result "0-1"]
[WhiteElo "1756"]
[BlackElo "2041"]
[PlyCount "118"]
[GameId "2160767911031405"]
[EventDate "2005.02.01"]
[EventType "swiss"]
[EventRounds "4"]
[EventCountry "CAN"]
[SourceTitle "EXT 2006"]
[Source "ChessBase"]
[SourceDate "2005.11.24"]
[SourceVersion "1"]
[SourceVersionDate "2005.11.24"]
[SourceQuality "1"]

1. d4 Nf6 2. Nf3 g6 3. c4 Bg7 4. Nc3 d5 5. cxd5 Nxd5 6. e4 Nxc3 7. bxc3 c5 8. Bc4 O-O 9. h3 Nc6 10. Be3 Qa5 11. Qd2 cxd4 12. cxd4 Qxd2+ 13. Kxd2 Rd8 14. Kc3 Na5 15. Bd3 Be6 16. Rhc1 Rac8+ 17. Kd2 Nc4+ 18. Bxc4 Bxc4 19. Rc2 e5 20. d5 f5 21. Ng5 fxe4 22. Bxa7 Rxd5+ 23. Ke1 Ra5 24. Be3 b5 25. Nxe4 Rca8 26. Nd6 Ra4 27. Nxc4 bxc4 28. Rac1 Rc8 29. Ke2 Bf8 30. Bd2 Kf7 31. Bc3 Ke6 32. Kf3 Bc5 33. Re1 Rf8+ 34. Kg3 Bd6 35. Re4 Kf5 36. f3 Rfa8 37. Ree2 e4+ 38. Kf2 Bc5+ 39. Kf1 e3 40. g4+ Kf4 41. Kg2 Rd8 42. Be1 Ke5 43. Bg3+ Kd4 44. Bh4 Rf8 45. Bg5 Kd3 46. f4 Ra3 47. Kf3 Rc3 48. Rb2 Rc1 49. Rg2 Bd4 50. Be7 Rf1+ 51. Kg3 Bxb2 52. Bxf8 e2 53. Rxe2 Kxe2 54. Bb4 c3 55. Bxc3 Bxc3 56. g5 Bd2 57. f5 Rxf5 58. h4 Ra5 59. Kg4 Rxa2 0-1

[Event "Winnipeg TNT Febr op"]
[Site "Winnipeg CAN"]
[Date "2005.02.22"]
[Round "4"]
[White "Reimer, Bruce"]
[Black "Khedkar, Jay S"]
[Result "0-1"]
[WhiteElo "1357"]
[BlackElo "1989"]
[PlyCount "92"]
[GameId "2160767911031406"]
[EventDate "2005.02.01"]
[EventType "swiss"]
[EventRounds "4"]
[EventCountry "CAN"]
[SourceTitle "EXT 2006"]
[Source "ChessBase"]
[SourceDate "2005.11.24"]
[SourceVersion "1"]
[SourceVersionDate "2005.11.24"]
[SourceQuality "1"]

1. c4 Nf6 2. g3 g6 3. Bg2 Bg7 4. Nc3 e5 5. e4 d6 6. Nge2 O-O 7. O-O c6 8. d3 Be6 9. h3 Qd7 10. Kh2 Na6 11. a3 Rad8 12. Be3 b6 13. Qa4 Nc5 14. Bxc5 bxc5 15. b4 cxb4 16. axb4 d5 17. cxd5 cxd5 18. Qxa7 dxe4 19. Qxd7 Rxd7 20. dxe4 Rb8 21. Rab1 Rd2 22. Rfd1 Rxd1 23. Nxd1 Bf8 24. b5 Bc4 25. Nec3 Bc5 26. Kg1 Bd4 27. Bf1 Bxf1 28. Kxf1 Kf8 29. Ke2 Ke8 30. f3 Nh5 31. g4 Nf4+ 32. Kd2 Nxh3 33. Kd3 Nf4+ 34. Kd2 Kd7 35. Ne3 Bxc3+ 36. Kxc3 Ne2+ 37. Kc4 Nd4 38. Nd5 Nxf3 39. Nf6+ Ke6 40. Nxh7 Nd2+ 41. Kc5 Nxb1 42. Kc6 Nc3 43. b6 Nxe4 44. Kc7 Rh8 45. b7 Nc5 46. b8=Q Na6+ 0-1

[Event "Winnipeg TNT Febr op"]
[Site "Winnipeg CAN"]
[Date "2005.02.22"]
[Round "4"]
[White "Rumpel, Chris"]
[Black "Greenberg, Harley"]
[Result "0-1"]
[WhiteElo "1416"]
[BlackElo "1737"]
[PlyCount "58"]
[GameId "2160767911031407"]
[EventDate "2005.02.01"]
[EventType "swiss"]
[EventRounds "4"]
[EventCountry "CAN"]
[SourceTitle "EXT 2006"]
[Source "ChessBase"]
[SourceDate "2005.11.24"]
[SourceVersion "1"]
[SourceVersionDate "2005.11.24"]
[SourceQuality "1"]

1. Nf3 Nf6 2. g3 c5 3. d3 d5 4. Bg2 Nc6 5. Nbd2 e5 6. O-O Bd6 7. e4 Be6 8. Ng5 Bg4 9. f3 Bc8 10. exd5 Nxd5 11. Nc4 Be7 12. Ne4 O-O 13. Ne3 f5 14. Nxd5 Qxd5 15. Nc3 Qd4+ 16. Kh1 f4 17. Ne2 Qd6 18. g4 h5 19. h3 Qh6 20. Kg1 Bg5 21. c3 Be6 22. Qc2 hxg4 23. fxg4 Ne7 24. c4 Ng6 25. Rf3 Nh4 26. Rf1 Nxg2 27. Kxg2 f3+ 28. Rxf3 Rxf3 29. Kxf3 Qxh3+ 0-1

[Event "Winnipeg TNT Jan op"]
[Site "Winnipeg CAN"]
[Date "2005.01.04"]
[Round "1"]
[White "Lafreniere, Adrian"]
[Black "Babb, Jeff"]
[Result "0-1"]
[WhiteElo "1709"]
[BlackElo "2166"]
[PlyCount "83"]
[GameId "2160767911031744"]
[EventDate "2005.01.04"]
[EventType "swiss"]
[EventRounds "4"]
[EventCountry "CAN"]
[SourceTitle "EXT 2006"]
[Source "ChessBase"]
[SourceDate "2005.11.24"]
[SourceVersion "1"]
[SourceVersionDate "2005.11.24"]
[SourceQuality "1"]

1. e4 e5 2. Bc4 Nf6 3. d3 Bc5 4. Qe2 Nc6 5. c3 O-O 6. Be3 d6 7. h3 Bxe3 8. Qxe3 d5 9. exd5 Nxd5 10. Qf3 Be6 11. Ne2 Nf4 12. Nxf4 Bxc4 13. dxc4 exf4 14. O-O Qf6 15. Nd2 Rfe8 16. Rfe1 Qf5 17. Re4 Rxe4 18. Qxe4 Qxe4 19. Nxe4 Re8 20. Re1 Ne5 21. Nd2 Kf8 22. Kf1 f5 23. Re2 g5 24. b3 Kf7 25. g3 fxg3 26. fxg3 Re6 27. Rf2 Rf6 28. Re2 Ng6 29. Nf3 h6 30. Ne5+ Nxe5 31. Rxe5 f4 32. Kf2 c6 33. b4 fxg3+ 34. Kxg3 Rf4 35. Rc5 Ke6 36. a4 Kd6 37. Ra5 Rxc4 38. Rxa7 Rxc3+ 39. Kg2 Kc7 40. Ra8 Rb3 41. b5 cxb5 42. axb5 0-1

[Event "Winnipeg TNT Jan op"]
[Site "Winnipeg CAN"]
[Date "2005.01.04"]
[Round "1"]
[White "Reimer, Bruce"]
[Black "Van Wyk, Joseph"]
[Result "0-1"]
[WhiteElo "1390"]
[BlackElo "1915"]
[PlyCount "58"]
[GameId "2160767911031745"]
[EventDate "2005.01.04"]
[EventType "swiss"]
[EventRounds "4"]
[EventCountry "CAN"]
[SourceTitle "EXT 2006"]
[Source "ChessBase"]
[SourceDate "2005.11.24"]
[SourceVersion "1"]
[SourceVersionDate "2005.11.24"]
[SourceQuality "1"]

1. c4 Nf6 2. g3 c5 3. Bg2 Nc6 4. Nc3 g6 5. e4 Bg7 6. Nge2 O-O 7. O-O d6 8. d3 Bg4 9. h3 Bd7 10. f4 Qc8 11. g4 h5 12. g5 Ne8 13. Rf3 f6 14. Qf1 f5 15. Be3 e5 16. a3 Nc7 17. Rb1 Ne6 18. Nd5 Qd8 19. b4 fxe4 20. dxe4 exf4 21. Nexf4 Nxg5 22. Rf2 cxb4 23. Nxg6 Rxf2 24. Bxf2 bxa3 25. Qe2 Nd4 26. Nge7+ Kf8 27. Qa2 Bxh3 28. Qxa3 Qd7 29. Qg3 Ne2+ 0-1

[Event "Winnipeg TNT Jan op"]
[Site "Winnipeg CAN"]
[Date "2005.01.04"]
[Round "1"]
[White "Schulz, Manfred"]
[Black "Czarny, Keith"]
[Result "1-0"]
[WhiteElo "1938"]
[BlackElo "1651"]
[PlyCount "67"]
[GameId "2160767911031746"]
[EventDate "2005.01.04"]
[EventType "swiss"]
[EventRounds "4"]
[EventCountry "CAN"]
[SourceTitle "EXT 2006"]
[Source "ChessBase"]
[SourceDate "2005.11.24"]
[SourceVersion "1"]
[SourceVersionDate "2005.11.24"]
[SourceQuality "1"]

1. e4 e6 2. Qe2 c5 3. f4 Nc6 4. Nf3 Nf6 5. d3 Be7 6. g3 O-O 7. Bg2 d6 8. c3 Nd7 9. O-O Nb6 10. Be3 d5 11. Bf2 c4 12. d4 dxe4 13. Qxe4 Nd5 14. Nbd2 Na5 15. Rfe1 b5 16. Qc2 Bb7 17. Ne4 Bc6 18. Neg5 g6 19. h4 h6 20. Ne4 b4 21. Ne5 Bb7 22. Bh3 Kg7 23. Qe2 f5 24. cxb4 fxe4 25. bxa5 e3 26. Bxe3 Nxe3 27. Qxe3 Bxh4 28. Kh2 Bf6 29. Bxe6 Qd6 30. Bxc4 Rae8 31. Bd3 Bd8 32. Be4 Ba6 33. Rac1 Bxa5 34. Rc6 1-0

[Event "Winnipeg TNT Jan op"]
[Site "Winnipeg CAN"]
[Date "2005.01.04"]
[Round "1"]
[White "Zaczek, Jonathon"]
[Black "Rumpel, Chris"]
[Result "1-0"]
[WhiteElo "1920"]
[BlackElo "1408"]
[PlyCount "125"]
[GameId "2160767911031747"]
[EventDate "2005.01.04"]
[EventType "swiss"]
[EventRounds "4"]
[EventCountry "CAN"]
[SourceTitle "EXT 2006"]
[Source "ChessBase"]
[SourceDate "2005.11.24"]
[SourceVersion "1"]
[SourceVersionDate "2005.11.24"]
[SourceQuality "1"]

1. e4 e6 2. d4 d5 3. Nc3 Bb4 4. e5 c5 5. a3 Bxc3+ 6. bxc3 Qc7 7. Qg4 Ne7 8. Qxg7 Rg8 9. Qxh7 cxd4 10. Ne2 dxc3 11. f4 Bd7 12. Rb1 Nbc6 13. Qd3 O-O-O 14. Qxc3 Nf5 15. h3 d4 16. Qd3 Nce7 17. g4 Bc6 18. Rh2 Nh4 19. Rf2 Rd7 20. Ng3 Nf3+ 21. Rxf3 Bxf3 22. Qxf3 Qxc2 23. Bd3 Qc3+ 24. Bd2 Qxa3 25. Ne4 Nd5 26. Nd6+ Kb8 27. Qe4 Rh8 28. Qf3 Ka8 29. Rc1 Kb8 30. Qe4 Qa2 31. Qxd4 Nb6 32. Qe3 Nd5 33. Qf3 Qa3 34. Qe4 Nb6 35. Qe3 Nd5 36. Qc5 Qxc5 37. Rxc5 Rc7 38. Rxc7 Kxc7 39. Nxf7 Rxh3 40. Bf1 Rh1 41. Kf2 a6 42. Ng5 Kd7 43. Nh3 b5 44. Kg2 Rxf1 45. Kxf1 b4 46. Ke2 a5 47. Kd3 a4 48. Kc4 b3 49. Bc1 Ne3+ 50. Kb4 Nxg4 51. Kxa4 Kc6 52. Kxb3 Kd5 53. Ng5 Nh6 54. Kc3 Nf5 55. Kd3 Ng3 56. Ke3 Nf5+ 57. Kf3 Nd4+ 58. Kg4 Nf5 59. Kh5 Ng7+ 60. Kg6 Nf5 61. Kf6 Nd4 62. Bb2 Nc6 63. Nxe6 1-0

[Event "Winnipeg TNT Jan op"]
[Site "Winnipeg CAN"]
[Date "2005.01.11"]
[Round "2"]
[White "Babb, Jeff"]
[Black "Khedkar, Jay S"]
[Result "1/2-1/2"]
[WhiteElo "2166"]
[BlackElo "1892"]
[PlyCount "92"]
[GameId "2160767911031748"]
[EventDate "2005.01.04"]
[EventType "swiss"]
[EventRounds "4"]
[EventCountry "CAN"]
[SourceTitle "EXT 2006"]
[Source "ChessBase"]
[SourceDate "2005.11.24"]
[SourceVersion "1"]
[SourceVersionDate "2005.11.24"]
[SourceQuality "1"]

1. d4 d5 2. Bg5 Nf6 3. Bxf6 gxf6 4. e3 e6 5. c4 c6 6. Nc3 Nd7 7. cxd5 cxd5 8. Qa4 Bd6 9. Nb5 Bb8 10. Rc1 O-O 11. Bd3 a6 12. Nc3 f5 13. Nge2 Nf6 14. g3 Bd6 15. Qd1 Qb6 16. h3 Ne4 17. Nf4 Qxb2 18. Bxe4 dxe4 19. Nh5 f6 20. O-O Bd7 21. Nxe4 fxe4 22. Rb1 Qxa2 23. Qg4+ Kf7 24. Qg7+ Ke8 25. Nxf6+ Rxf6 26. Qxf6 Qd5 27. Qh8+ Bf8 28. Qxh7 b5 29. Qg6+ Ke7 30. g4 a5 31. Rfc1 Rc8 32. Rxc8 Bxc8 33. Qh7+ Kd8 34. Qa7 Bb4 35. Qg7 Be7 36. Rc1 Bd7 37. h4 a4 38. h5 Qg5 39. h6 Be8 40. Rc5 Qf6 41. Qxf6 Bxf6 42. g5 Bh8 43. g6 Bxg6 44. Rxb5 Ke7 45. Rb7+ Kf8 46. Ra7 Kg8 1/2-1/2